[Event "CRO U20 1 liga"]
[Site "Cakovec"]
[Date "2020.07.14"]
[Round "2.14"]
[White "Juric, Ester"]
[Black "Kanizaj, Benjamin"]
[Result "0-1"]
[WhiteElo "1663"]
[BlackElo "1983"]
[PlyCount "150"]
[EventDate "2020.??.??"]
[WhiteClock "1:30:00"]
[BlackClock "1:30:00"]

{[%evp 0,150,29,24,29,-16,30,5,29,12,15,25,37,13,62,63,53,53,49,36,36,44,26,28,
38,16,48,12,69,50,109,64,49,31,15,-69,-12,-56,-62,-111,-13,-13,21,-42,-32,-39,
-55,-20,-43,-43,-11,1,67,54,105,54,77,68,91,61,76,49,78,78,78,119,140,72,139,
119,127,99,115,113,130,126,175,151,123,-20,16,-26,-26,-55,62,-48,14,-20,49,63,
76,88,113,100,193,146,181,49,49,49,49,35,73,61,78,16,32,-34,-43,-68,-68,-79,
-67,-67,-20,-21,-11,-11,-7,-27,0,0,-11,-26,-9,-9,-9,-9,-3,-3,-3,-8,-1,-3,-14,
-35,-35,-54,-47,-47,-42,-55,-37,-51,-16,-18,-18,-658,-1013,-1013,-1002,-1002,
-1002]} 1. d4 d5 2. c4 c6 3. cxd5 cxd5 4. Bf4 Nc6 5. e3 Nf6 6. Nc3 a6 7. Bd3 e6
8. Nf3 Bd6 9. Bxd6 Qxd6 10. O-O O-O 11. Rc1 Bd7 12. a3 b5 13. b4 Na7 14. Ne5
Nc8 15. Qe2 Nb6 16. h3 Nc4 17. Nxc4 dxc4 18. Bc2 Bc6 19. Rfd1 Bb7 20. e4 Qc6
21. f4 a5 22. Rb1 Rfd8 23. a4 bxa4 24. Bxa4 Qc7 25. Qe3 Bc6 26. b5 Be8 27. g4
Qb6 28. Rd2 Ra7 29. Kf2 Rad7 30. Rbd1 Rc7 31. d5 Qxe3+ 32. Kxe3 exd5 33. exd5
Nd7 34. d6 Rb7 35. Rd4 Nb6 36. Bc2 Nc8 37. Rxc4 Bxb5 38. Nxb5 Rxb5 39. Ra4 Nb6
40. Re4 Nd5+ 41. Kd2 Nb4 42. Ba4 Rd5+ 43. Kc3 Rxd1 44. Bxd1 g6 45. Rd4 Nc6 46.
Rd5 Kg7 47. Ba4 Nb8 48. Rxa5 Rxd6 49. Ra8 Rb6 50. Bb3 Nd7 51. Ra7 Rd6 52. Ba4
Nf6 53. Bc2 Nd5+ 54. Kb2 Nxf4 55. Bb3 Ne6 56. Kc3 Nd8 57. g5 Ne6 58. h4 Rc6+
59. Kd2 Rb6 60. Bc4 Rc6 61. Bb3 Rd6+ 62. Kc3 Nd8 63. Ba2 h6 64. gxh6+ Kxh6 65.
Bxf7 Nxf7 66. Rxf7 Kh5 67. Rf4 Rd1 68. Kc2 Rh1 69. Kd3 Rxh4 70. Rf1 Kg4 71. Ke3
Rh2 72. Rf4+ Kg5 73. Kf3 Rf2+ 74. Kxf2 Kxf4 75. Kg2 Kg4 0-1

[Event "CRO U20 1 liga"]
[Site "Cakovec"]
[Date "2020.07.14"]
[Round "2.15"]
[White "Borzan, Andrej"]
[Black "Mandaric, Fran"]
[Result "1-0"]
[WhiteElo "1983"]
[BlackElo "1671"]
[PlyCount "87"]
[EventDate "2020.??.??"]
[WhiteClock "1:30:00"]
[BlackClock "1:30:00"]

{[%evp 0,87,29,29,29,-16,-19,-19,14,-8,61,25,66,5,49,39,79,77,66,81,70,17,29,
11,88,26,105,97,129,42,98,79,86,86,79,53,64,97,102,91,133,145,129,127,176,146,
251,251,289,167,260,260,218,232,242,238,268,253,253,182,339,532,532,532,528,
528,526,526,622,622,622,740,740,740,740,1079,1076,1239,1109,1478,1614,1199,
1328,2187,2280,2508,29993,29994,29995,29996]} 1. d4 Nf6 2. c4 e6 3. Nf3 Bb4+ 4.
Bd2 Qe7 5. Nc3 O-O 6. g3 d6 7. Bg2 c5 8. e3 e5 9. O-O Nc6 10. a3 Bxc3 11. Bxc3
Bg4 12. h3 Bh5 13. g4 Bg6 14. Nh4 Rae8 15. Nxg6 fxg6 16. dxc5 dxc5 17. b4 cxb4
18. axb4 e4 19. Qb3 Ne5 20. Bxe5 Qxe5 21. Rxa7 h5 22. gxh5 Qxh5 23. Rxb7 Re5
24. Rb5 Kh7 25. Rxe5 Qxe5 26. Qa4 Nh5 27. Qa5 Qc3 28. Bxe4 Ng3 29. Qc5 Rxf2 30.
Bxg6+ Kxg6 31. Rxf2 Qe1+ 32. Kg2 Qxf2+ 33. Kxf2 Ne4+ 34. Kf3 Nxc5 35. bxc5 Kf5
36. c6 Ke6 37. c5 Ke7 38. Ke4 Kd8 39. Kd5 Kc7 40. h4 Kc8 41. Kd6 Kb8 42. Kd7
Ka8 43. c7 Ka7 44. c8=Q 1-0

[Event "CRO U20 1 liga"]
[Site "Cakovec"]
[Date "2020.07.14"]
[Round "2.16"]
[White "Markovic, Marko"]
[Black "Colev, Ivor"]
[Result "1-0"]
[WhiteElo "1643"]
[BlackElo "1901"]
[PlyCount "115"]
[EventDate "2020.??.??"]
[WhiteClock "1:30:00"]
[BlackClock "1:30:00"]

{[%evp 0,115,29,29,107,52,69,46,93,102,102,96,79,35,35,18,53,40,80,49,60,60,91,
88,102,106,109,78,61,28,31,-2,0,0,-19,-10,18,24,31,31,38,8,3,-25,21,-57,-54,
-46,-56,-56,-6,-8,21,-53,-13,-13,-24,-11,14,-10,17,18,77,19,97,34,99,90,123,91,
110,154,241,200,200,211,211,191,185,194,323,325,329,325,325,264,294,299,330,
291,291,277,312,277,335,343,350,350,366,362,362,333,376,361,352,371,376,349,
357,383,456,456,524,494,995,1131,1178,1196]} 1. d4 f5 2. Nf3 Nf6 3. g3 g6 4.
Bg2 Bg7 5. O-O d6 6. b3 O-O 7. c4 c6 8. Bb2 Qc7 9. Re1 Ne4 10. Nc3 Nxc3 11.
Bxc3 e5 12. dxe5 dxe5 13. e4 f4 14. Qc2 Bg4 15. gxf4 Rxf4 16. Re3 Nd7 17. h3
Bxf3 18. Rxf3 Rxf3 19. Bxf3 Nc5 20. Rd1 Ne6 21. Qb2 Qe7 22. Bd2 Nd4 23. Bg2 Qf6
24. Be3 Nf3+ 25. Kh1 Nh4 26. Qd2 Nxg2 27. Kxg2 Rf8 28. Qe2 h5 29. a4 Qh4 30.
Bxa7 g5 31. Rd3 Kh8 32. Rg3 Bh6 33. Bc5 Rf4 34. f3 Rf7 35. Qd2 Qf4 36. Be3 Qf6
37. Bxg5 Bxg5 38. Qxg5 Qxg5 39. Rxg5 Re7 40. Rxh5+ Kg7 41. Kf2 Kg6 42. Rh4 Kf6
43. Ke3 Rg7 44. Rg4 Rh7 45. h4 Ke6 46. h5 Kf6 47. Rg6+ Kf7 48. Rg5 Kf6 49. Rf5+
Ke6 50. b4 Rh8 51. f4 exf4+ 52. Kxf4 Rd8 53. h6 Rh8 54. Kg5 Rg8+ 55. Kh5 Rg1
56. h7 Ke7 57. Kh6 Rh1+ 58. Rh5 1-0

[Event "CRO U20 1 liga"]
[Site "Cakovec"]
[Date "2020.07.14"]
[Round "2.17"]
[White "Alfirevic, Duje"]
[Black "Muha, Miljenko"]
[Result "0-1"]
[WhiteElo "1994"]
[BlackElo "2310"]
[PlyCount "132"]
[EventDate "2020.??.??"]
[WhiteClock "1:30:00"]
[BlackClock "1:30:00"]

{[%evp 0,132,29,25,44,23,46,31,62,46,41,41,17,17,73,14,57,63,110,-34,47,39,66,
63,66,16,6,-2,3,-50,35,17,34,12,12,-27,2,-50,-40,-45,-30,-60,-30,-45,-35,-40,
-87,-82,-81,-78,-82,-127,-119,-142,-113,-136,-121,-121,-141,-117,-91,-98,-104,
-122,-105,-130,-132,-142,-147,-139,-138,-147,-65,-49,-35,-47,-40,-44,-53,-62,
29,11,0,-97,-111,-117,-94,-119,-106,-156,-148,-162,-163,-163,-65,-181,-75,-90,
-79,-79,-85,-69,-66,-69,-43,-64,-38,-95,-66,-89,-89,-138,-141,-147,-153,-153,
-105,-105,-169,-229,-202,-229,-76,-97,-165,-343,-294,-405,-405,-545,-524,-932,
-532,-532,-92]} 1. e4 e6 2. d4 d5 3. Nd2 c5 4. Ngf3 cxd4 5. exd5 Qxd5 6. Bc4
Qd7 7. O-O Nc6 8. Nb3 a6 9. Re1 Bb4 10. Bd2 Bxd2 11. Qxd2 Nf6 12. Qg5 O-O 13.
Rad1 b5 14. Be2 Qc7 15. Nfxd4 Nxd4 16. Nxd4 Bb7 17. Bd3 Rad8 18. Ne2 Rd5 19.
Qg3 Qc5 20. h4 Rfd8 21. Nf4 R5d7 22. Qg5 Qxg5 23. hxg5 Ne4 24. Nh3 Nc5 25. Re3
Be4 26. Nf4 e5 27. Ne2 Bxd3 28. cxd3 Nxd3 29. b3 f6 30. gxf6 gxf6 31. Ng3 Kf7
32. Ne4 Rd4 33. f3 h6 34. g4 Kg6 35. Rd2 b4 36. Rc2 Nf4 37. Rc6 Nd5 38. Re1 a5
39. Rec1 Rxe4 40. fxe4 Nc3 41. R1xc3 bxc3 42. Rxc3 Rd2 43. a4 Rb2 44. Rc5 Rxb3
45. Rxa5 Rb4 46. Ra8 Rxe4 47. Kh2 Re2+ 48. Kg3 Re3+ 49. Kh4 Ra3 50. a5 Ra4 51.
Kg3 h5 52. gxh5+ Kxh5 53. a6 Ra3+ 54. Kf2 Kg4 55. Ke2 Kf4 56. Kd2 f5 57. Kc2 e4
58. Kb2 Ra5 59. Kc3 e3 60. a7 Ra2 61. Kd3 Rd2+ 62. Kc3 Rd7 63. Kc4 Re7 64. Kd3
e2 65. Rf8 Re3+ 66. Kc4 Ra3 0-1

[Event "CRO U20 1 liga"]
[Site "Cakovec"]
[Date "2020.07.14"]
[Round "2.18"]
[White "Cvitan, Ena"]
[Black "Dumancic, Simun"]
[Result "1-0"]
[WhiteElo "2258"]
[BlackElo "1920"]
[PlyCount "75"]
[EventDate "2020.??.??"]
[WhiteClock "1:27:00"]
[BlackClock "1:30:00"]

{[%evp 0,75,29,29,29,-24,51,55,75,74,75,58,56,56,69,61,87,51,73,21,38,35,54,52,
84,65,65,55,57,57,59,-5,7,12,26,27,44,51,59,22,18,17,25,-9,-19,21,-1,24,34,34,
75,6,4,17,28,17,13,21,31,10,10,23,43,42,54,40,66,80,98,91,183,207,207,212,212,
211,187,175]} 1. d4 Nf6 2. c4 g6 3. Nc3 d5 4. cxd5 Nxd5 5. e4 Nxc3 6. bxc3 Bg7
7. Bc4 c5 8. Ne2 O-O 9. O-O Nc6 10. Be3 Bg4 11. f3 Na5 12. Bxf7+ Rxf7 13. fxg4
Rxf1+ 14. Kxf1 Qd7 15. Kg1 Qxg4 16. Qd3 cxd4 17. cxd4 Rc8 18. h3 Qd7 19. Rf1
Nc4 20. Bf2 Bh6 21. Nc3 e6 22. d5 Bg7 23. Bd4 Ne5 24. Qe3 a6 25. Kh1 Nc4 26.
Qd3 e5 27. Bg1 b5 28. Nd1 Rf8 29. Rxf8+ Bxf8 30. Ne3 Nxe3 31. Qxe3 Qd6 32. Qc3
h5 33. Bh2 Bg7 34. Qc6 Bf8 35. Qe8 Kh7 36. Bxe5 Qe7 37. Qxe7+ Bxe7 38. Bc7 1-0

[Event "CRO U20 1 liga"]
[Site "Cakovec"]
[Date "2020.07.14"]
[Round "2.19"]
[White "Sagovac, Kristijan"]
[Black "Ghersinich, Enrico"]
[Result "0-1"]
[WhiteElo "1835"]
[BlackElo "2299"]
[PlyCount "120"]
[EventDate "2020.??.??"]
[WhiteClock "1:30:00"]
[BlackClock "1:30:00"]

{[%evp 0,120,29,38,40,38,42,7,15,-52,8,19,-14,-67,-95,-113,-135,-135,-109,-131,
-122,-150,-103,-116,-103,-123,-69,-113,-68,-86,-98,-98,-78,-78,-78,-78,-77,-88,
-88,-130,-36,-39,-43,-88,-62,-49,101,107,99,99,75,125,107,65,68,30,36,38,90,54,
90,90,115,86,95,59,112,68,56,-41,-68,-68,-84,-87,-80,-75,-64,-82,-85,-91,-79,
-82,-78,-94,-73,-87,-77,-98,-98,-109,-70,-75,-90,-80,-87,-113,-105,-94,-85,
-119,-119,-150,-136,-159,-145,-144,-119,-199,-167,-171,-171,-347,-355,-355,
-444,-493,-536,-639,-1012,-1894,-1904,-1904,-2340]} 1. e4 e5 2. Nf3 Nc6 3. Bc4
Nf6 4. Ng5 d5 5. exd5 b5 6. Bb3 Nd4 7. c3 Nxb3 8. Qxb3 Qxd5 9. Qxd5 Nxd5 10.
O-O Bb7 11. Re1 Be7 12. d3 O-O 13. a4 a6 14. Nf3 f6 15. d4 exd4 16. Nxd4 Bc5
17. Ne6 Rfe8 18. Bd2 Bd6 19. Na3 c5 20. c4 b4 21. Nc2 Nb6 22. b3 Be5 23. Rxe5
fxe5 24. Nxc5 Bc8 25. Nxb4 Nd7 26. Nxd7 Bxd7 27. Nd5 Rab8 28. b4 Red8 29. Bg5
Re8 30. b5 axb5 31. cxb5 Kf7 32. Be3 Red8 33. Nc7 Rb7 34. b6 Bxa4 35. Kf1 Rd1+
36. Rxd1 Bxd1 37. Ke1 Ba4 38. Bc5 Bc6 39. g3 g5 40. Kd2 Kf6 41. Kc3 Rb8 42. Kb4
Rd8 43. h4 gxh4 44. gxh4 h5 45. Be3 Kf5 46. Kc5 Bb7 47. Nb5 Rd5+ 48. Kb4 Kg4
49. Nc3 Rd6 50. Bc5 Rf6 51. Nd1 Rf4+ 52. Kb5 Kxh4 53. Be7+ Kh3 54. Kc5 Kg2 55.
Kd6 Rd4+ 56. Kc7 Rxd1 57. Kxb7 Rd7+ 58. Kc8 Rxe7 59. b7 Kxf2 60. b8=Q Re8+ 0-1

[Event "CRO U20 1 liga"]
[Site "Cakovec"]
[Date "2020.07.14"]
[Round "2.20"]
[White "Purini, Bruno"]
[Black "Martic, Filip"]
[Result "1-0"]
[WhiteElo "2017"]
[BlackElo "1668"]
[PlyCount "99"]
[EventDate "2020.??.??"]
[WhiteClock "1:30:00"]
[BlackClock "1:30:00"]

{[%evp 0,99,29,38,50,50,116,40,117,117,97,70,70,67,59,92,79,48,82,43,47,46,125,
86,84,42,102,59,86,86,86,38,38,40,44,44,39,3,3,3,42,-7,-5,-12,-14,-17,-39,-32,
-21,-21,28,12,12,12,71,71,60,60,84,85,96,103,102,104,104,107,109,118,118,114,
130,122,130,129,133,120,128,65,65,65,52,52,40,41,34,34,35,34,51,32,50,42,91,83,
216,149,279,237,278,278,393,399]} 1. e4 c5 2. Nf3 g6 3. c3 Bg7 4. d4 cxd4 5.
cxd4 d5 6. exd5 Nf6 7. Nc3 Nbd7 8. Bf4 Nb6 9. Bb5+ Bd7 10. d6 Nh5 11. Bg5 f6
12. Be3 exd6 13. g4 Bxb5 14. Nxb5 Qd7 15. Qe2 a6 16. Nxd6+ Qxd6 17. Bf4+ Qe7
18. Qxe7+ Kxe7 19. gxh5 gxh5 20. Rc1 Nd5 21. Bg3 Rac8 22. O-O Bh6 23. Rc5 Rxc5
24. dxc5 Bf4 25. Re1+ Kf7 26. Rd1 Bxg3 27. Rxd5 Ke6 28. Rxh5 Be5 29. Nxe5 fxe5
30. Kf1 h6 31. Ke2 Kd5 32. Ke3 Kxc5 33. Rxe5+ Kd6 34. f4 Rc8 35. Rh5 Re8+ 36.
Kd4 Re6 37. Rd5+ Kc6 38. f5 Re2 39. Re5 Rxh2 40. Re6+ Kd7 41. Rb6 Kc7 42. Rb3
Rf2 43. Ke5 b5 44. Ke6 Re2+ 45. Kf7 Rd2 46. f6 Rd7+ 47. Kg8 Rd8+ 48. Kg7 Rd2
49. Rf3 Rg2+ 50. Kh8 1-0

[Event "CRO U20 1 liga"]
[Site "Cakovec"]
[Date "2020.07.15"]
[Round "3.1"]
[White "Damjanovic, Stjepan"]
[Black "Alfirevic, Duje"]
[Result "1-0"]
[WhiteElo "1867"]
[BlackElo "1994"]
[PlyCount "79"]
[EventDate "2020.??.??"]
[WhiteClock "1:30:00"]
[BlackClock "1:30:00"]

{[%evp 0,79,58,31,26,61,50,15,43,5,5,-18,21,16,309,-78,-14,-14,-29,-30,8,-21,4,
4,-20,-16,-28,-51,-41,-36,-44,-53,26,-11,-11,-11,10,16,18,18,25,-72,-60,-83,
-49,-61,-11,-86,-1,-38,-26,-21,7,-12,43,-4,8,13,190,8,33,75,75,-53,93,79,144,
144,144,141,141,121,83,62,62,69,112,163,186,290,343,1016]} 1. e4 e5 2. Nf3 Nc6
3. Bc4 Bc5 4. O-O Nf6 5. d4 Bxd4 6. Nxd4 d6 7. f4 Nxd4 8. fxe5 dxe5 9. Bg5 Be6
10. Na3 Qe7 11. Bxf6 gxf6 12. c3 Nc6 13. Kh1 Rg8 14. Qf3 Rg6 15. Bd5 Nd8 16.
Nc2 c6 17. Bb3 a5 18. Ne3 a4 19. Bxe6 Nxe6 20. Ng4 O-O-O 21. b3 a3 22. g3 h5
23. Ne3 Ng5 24. Nf5 Qc5 25. Qe2 Kb8 26. Rad1 Rgg8 27. Rd3 Rxd3 28. Qxd3 Ne6 29.
b4 Qb5 30. Qxb5 cxb5 31. Nd6 Nc7 32. Rxf6 Rd8 33. Kg2 Ne6 34. Nxb5 Ng5 35. Nd6
Kc7 36. h4 Rxd6 37. Rxd6 Kxd6 38. hxg5 b5 39. Kh3 Ke6 40. Kh4 1-0

[Event "CRO U20 1 liga"]
[Site "Cakovec"]
[Date "2020.07.15"]
[Round "3.2"]
[White "Dumancic, Simun"]
[Black "Juric, Ester"]
[Result "1-0"]
[WhiteElo "1920"]
[BlackElo "1663"]
[PlyCount "81"]
[EventDate "2020.??.??"]
[WhiteClock "1:30:00"]
[BlackClock "1:30:00"]

{[%evp 0,81,42,11,79,84,88,111,87,93,116,86,86,39,39,62,64,15,27,12,19,19,13,
18,26,10,50,27,67,-33,37,37,38,38,10,-45,26,-28,33,5,36,6,21,-28,18,-22,14,-31,
39,48,69,12,111,-120,97,61,61,78,-6,91,91,71,223,223,223,223,232,263,273,273,
224,245,295,304,313,314,332,353,401,400,437,437,459,540]} 1. e4 c5 2. Nf3 d6 3.
d4 cxd4 4. Qxd4 Nc6 5. Bb5 Bd7 6. Bxc6 Bxc6 7. Nc3 e5 8. Qd3 h6 9. Be3 Nf6 10.
O-O-O Be7 11. h3 a6 12. Nh4 g6 13. Rhe1 Qc7 14. f4 Rd8 15. Nf3 b5 16. a3 O-O
17. g4 Rfe8 18. Kb1 Bf8 19. Bc1 Be7 20. Qe2 Bf8 21. Qf2 a5 22. Nd5 Bxd5 23.
exd5 Qc5 24. Be3 Qc4 25. b3 Qc8 26. fxe5 dxe5 27. Nxe5 Rxe5 28. Qxf6 Bg7 29.
Qc6 Qxc6 30. dxc6 Rxd1+ 31. Rxd1 Rxe3 32. c7 Rc3 33. Rd8+ Kh7 34. c8=Q Rxc8 35.
Rxc8 b4 36. Ra8 bxa3 37. Rxa5 Bb2 38. c4 g5 39. c5 Bd4 40. c6 Bb6 41. Rb5 1-0

[Event "CRO U20 1 liga"]
[Site "Cakovec"]
[Date "2020.07.15"]
[Round "3.3"]
[White "Mandaric, Fran"]
[Black "Sagovac, Kristijan"]
[Result "0-1"]
[WhiteElo "1671"]
[BlackElo "1835"]
[PlyCount "56"]
[EventDate "2020.??.??"]
[WhiteClock "1:30:00"]
[BlackClock "1:30:00"]

{[%evp 0,56,18,11,100,100,100,44,69,60,83,62,76,26,41,31,19,14,17,13,17,18,18,
-5,-23,-12,-8,-7,24,30,-163,-394,-376,-493,-513,-513,-564,-612,-566,-566,-545,
-784,-751,-813,-741,-727,-727,-745,-742,-742,-758,-768,-731,-816,-1178,-29989,
-29992,-29993,-29992]} 1. e4 c5 2. Nf3 Nc6 3. b3 e5 4. Bb2 d6 5. Nc3 Nf6 6. Bb5
Bd7 7. Qe2 a6 8. Bxc6 Bxc6 9. d3 Be7 10. O-O O-O 11. Rfe1 b5 12. Nd1 Nh5 13.
Bxe5 dxe5 14. Nxe5 Be8 15. g4 Bf6 16. Nxf7 Bxf7 17. e5 Re8 18. d4 cxd4 19. gxh5
Rxe5 20. Qd2 Bg5 21. f4 Bxf4 22. Qf2 Rxe1+ 23. Qxe1 Qg5+ 24. Kf1 Bd5 25. Qf2
Rf8 26. h4 Qg4 27. Qe2 Be3+ 28. Nf2 Rxf2+ 0-1

[Event "CRO U20 1 liga"]
[Site "Cakovec"]
[Date "2020.07.15"]
[Round "3.4"]
[White "Martic, Filip"]
[Black "Markovic, Marko"]
[Result "0-1"]
[WhiteElo "1668"]
[BlackElo "1643"]
[PlyCount "126"]
[EventDate "2020.??.??"]
[WhiteClock "1:30:00"]
[BlackClock "1:30:00"]

{[%evp 0,126,18,15,37,37,35,-22,0,-16,5,0,31,31,40,35,35,8,14,-3,4,-45,-20,-23,
8,0,34,34,171,162,132,130,140,107,107,107,112,101,112,102,122,104,108,109,135,
123,124,107,129,108,137,80,91,91,99,113,101,99,106,76,142,125,138,128,127,127,
131,106,115,111,127,115,106,121,143,109,132,91,114,82,82,35,56,-123,-123,-128,
-120,-173,-173,-292,-350,-350,-350,-350,-350,-350,-379,-379,-361,-361,-367,
-361,-378,-382,-378,-378,-342,-371,-311,-380,-380,-394,-446,-449,-414,-465,
-470,-470,-498,-498,-498,-532,-377,-383,-403,-504,-557,-557,-554]} 1. d4 d5 2.
Nf3 e6 3. c4 Nf6 4. Nc3 Be7 5. Bf4 O-O 6. e3 b6 7. cxd5 Nxd5 8. Bg3 Bb7 9. Be2
Nd7 10. Rc1 Nxc3 11. bxc3 c5 12. O-O cxd4 13. cxd4 Ba3 14. Rc7 Bxf3 15. Bxf3 e5
16. Rxd7 Qxd7 17. Bxa8 Rxa8 18. Bxe5 Rc8 19. Qb3 Qe7 20. h3 Bb4 21. Rb1 a5 22.
Qd5 Qe8 23. Qb7 Qc6 24. Qxc6 Rxc6 25. Rb2 f6 26. Bg3 Rc3 27. Kf1 Kf7 28. Ke2
Ke6 29. f3 Rc1 30. e4 Kd7 31. Bf4 Re1+ 32. Kd3 b5 33. Bd2 Bxd2 34. Kxd2 Rg1 35.
Ke3 b4 36. Rc2 g5 37. Kd3 a4 38. Rb2 a3 39. Rc2 Rb1 40. Kc4 Rb2 41. Kd3 b3 42.
Rc1 Rxa2 43. Kc3 b2 44. Rb1 Ra1 45. Kc2 a2 46. Rxb2 Rc1+ 47. Kxc1 a1=Q+ 48. Kc2
Qa4+ 49. Kc3 Qa3+ 50. Rb3 Qc1+ 51. Kd3 Qf1+ 52. Ke3 Qxg2 53. Rb7+ Kd6 54. Rxh7
Qg1+ 55. Kd3 Qd1+ 56. Ke3 Qb3+ 57. Ke2 Qc4+ 58. Ke3 Qc3+ 59. Ke2 Qxd4 60. h4
Qb2+ 61. Kf1 Qc1+ 62. Kg2 Qd2+ 63. Kh3 Qf4 0-1

[Event "CRO U20 1 liga"]
[Site "Cakovec"]
[Date "2020.07.15"]
[Round "3.5"]
[White "Topalic, Fran"]
[Black "Sos, Fran"]
[Result "1-0"]
[WhiteElo "1741"]
[BlackElo "2024"]
[PlyCount "87"]
[EventDate "2020.??.??"]
[WhiteClock "1:30:00"]
[BlackClock "1:30:00"]

{[%evp 0,87,15,23,77,65,107,108,108,36,65,91,132,108,114,79,71,57,66,42,48,22,
66,-1,76,-18,-9,-48,1,21,21,21,-13,-108,-49,-15,32,29,9,-11,11,-4,-4,-72,95,82,
145,128,128,187,459,510,1009,915,733,653,1364,523,512,512,512,483,29995,475,
499,570,598,598,562,568,583,613,613,613,601,596,625,506,566,536,614,563,609,
590,635,636,636,684,713,712]} 1. e4 c5 2. Nf3 d6 3. d4 cxd4 4. Nxd4 Nf6 5. Nc3
g6 6. Be3 Bg7 7. Be2 Nc6 8. f3 Bd7 9. Qd2 O-O 10. O-O-O Rc8 11. h4 h5 12. Rdg1
Ne5 13. Bh6 Nc4 14. Bxc4 Rxc4 15. Bxg7 Kxg7 16. g4 hxg4 17. h5 Rh8 18. hxg6
fxg6 19. fxg4 Nxg4 20. Nf3 Qf8 21. Ng5 Qf6 22. Rxh8 Kxh8 23. Rh1+ Kg7 24. Nd5
Qd4 25. Rh7+ Kf8 26. Rf7+ Ke8 27. Rxe7+ Kf8 28. Qxd4 Rxd4 29. Rxd7 Ra4 30. a3
Ne5 31. Rxd6 Kg7 32. Re6 Ng4 33. Re7+ Kh6 34. Nf7+ Kh5 35. Nf4+ Kh4 36. Nxg6+
Kg3 37. e5 Ne3 38. Rd7 Rc4 39. c3 Rc6 40. Rd6 Rc8 41. e6 Nf5 42. Rd3+ Kg4 43.
e7 Rg8 44. Rd8 1-0

[Event "CRO U20 1 liga"]
[Site "Cakovec"]
[Date "2020.07.15"]
[Round "3.6"]
[White "Borzan, Andrej"]
[Black "Matota, Dominik"]
[Result "1/2-1/2"]
[WhiteElo "1983"]
[BlackElo "1807"]
[PlyCount "77"]
[EventDate "2020.??.??"]
[WhiteClock "1:30:00"]
[BlackClock "1:30:00"]

{[%evp 0,77,31,26,8,-36,38,48,53,66,57,55,47,33,63,26,46,-16,2,-28,-28,-28,-16,
-11,2,18,71,56,49,10,47,16,87,74,34,35,143,41,39,26,39,54,67,4,106,-20,-118,
-118,-118,-212,-212,-205,-192,-204,-212,-210,-204,-231,-184,-185,-185,-259,
-238,-162,-125,-148,-137,-119,-121,-118,-118,-119,-114,-123,-128,-128,-102,
-119,-89,-89]} 1. d4 Nf6 2. c4 g6 3. Nc3 Bg7 4. e4 d6 5. Nf3 O-O 6. Be3 Nbd7 7.
Qd2 e5 8. Bh6 exd4 9. Nxd4 Nc5 10. Bxg7 Kxg7 11. f3 Re8 12. Be2 Nh5 13. O-O-O
Bd7 14. g4 Nf6 15. h4 h5 16. gxh5 Nxh5 17. Rdg1 Rh8 18. Rg5 Nf6 19. Nd5 Nxd5
20. cxd5 Qf6 21. h5 Rae8 22. b4 Rxe4 23. fxe4 Nxe4 24. Qe3 Qxg5 25. Qxg5 Nxg5
26. Rg1 Nh3 27. Rg3 Nf4 28. hxg6 Nxe2+ 29. Nxe2 fxg6 30. Nd4 Rh4 31. Rc3 Rxd4
32. Rxc7 Rxb4 33. Rxd7+ Kf6 34. Rxd6+ Kf5 35. Rd7 g5 36. Kc2 g4 37. Kc3 Rb6 38.
Rf7+ Ke5 39. Rg7 1/2-1/2

[Event "CRO U20 1 liga"]
[Site "Cakovec"]
[Date "2020.07.15"]
[Round "3.7"]
[White "Borzan, Matej"]
[Black "Colev, Ivor"]
[Result "1-0"]
[WhiteElo "1746"]
[BlackElo "1901"]
[PlyCount "95"]
[EventDate "2020.??.??"]
[WhiteClock "1:30:00"]
[BlackClock "1:30:00"]

{[%evp 0,95,23,8,92,21,32,44,98,81,82,56,82,65,81,57,77,77,114,50,89,36,37,24,
31,31,36,29,135,136,144,135,190,97,88,68,413,428,429,339,339,193,210,196,196,
176,183,181,181,212,266,195,274,219,236,259,259,120,167,147,147,157,199,170,
170,143,157,157,172,214,213,202,210,210,213,234,284,222,222,263,264,266,261,
261,298,247,268,268,261,246,279,294,303,242,257,247,267,276]} 1. d4 f5 2. c4
Nf6 3. Nc3 g6 4. Nf3 Bg7 5. g3 O-O 6. Bg2 d6 7. O-O c6 8. Bf4 Qe8 9. Qd2 Nbd7
10. Bh6 e5 11. Bxg7 Kxg7 12. dxe5 dxe5 13. e4 Nh5 14. exf5 gxf5 15. Rfe1 e4 16.
Nd4 Ne5 17. f3 exf3 18. Nxf3 Nxf3+ 19. Bxf3 Qg6 20. Re7+ Kg8 21. Bxh5 Qxh5 22.
Qd4 Qg6 23. Ne2 Qg5 24. Qe5 h5 25. Kf2 b6 26. Rd1 Qf6 27. Qxf6 Rxf6 28. Re8+
Rf8 29. Rxf8+ Kxf8 30. Rd8+ Kg7 31. Nd4 Kf6 32. Nxc6 Bb7 33. Rxa8 Bxa8 34. Nxa7
Bb7 35. Nb5 Ke5 36. Ke3 Bc6 37. Nc3 Bg2 38. Ne2 Bf1 39. Kf2 Bh3 40. Nf4 Bg4 41.
Ke3 Bd1 42. Nd3+ Ke6 43. Kd4 Kd6 44. b4 Ba4 45. Nf4 Be8 46. c5+ bxc5+ 47. bxc5+
Kc6 48. Nd3 1-0

[Event "CRO U20 1 liga"]
[Site "Cakovec"]
[Date "2020.07.15"]
[Round "3.8"]
[White "Poljan, Max"]
[Black "Dankos, Mislav"]
[Result "0-1"]
[WhiteElo "1649"]
[BlackElo "1274"]
[PlyCount "160"]
[EventDate "2020.??.??"]
[WhiteClock "1:30:00"]
[BlackClock "1:30:00"]

{[%evp 0,160,32,8,42,20,20,13,19,10,7,-1,9,9,3,3,24,-26,62,-35,8,-17,-16,-13,
59,4,80,18,26,-1,-4,16,2,-6,-6,-11,-38,-40,-47,-65,-78,-78,-78,-149,-145,-162,
-154,-186,-193,-193,-200,-237,-242,-290,-161,-194,-194,-306,-323,-323,-237,
-323,-153,-164,-165,-171,-94,-206,-94,-110,-110,-159,-159,-159,-159,-165,-152,
-175,-183,-191,-191,-206,-212,-213,-206,-216,-206,-214,-183,-183,-195,-194,
-205,-216,-211,-250,-209,-255,-200,-209,-200,-225,-200,-225,-216,-236,-216,
-257,-280,-294,-293,-293,-265,-284,-210,-219,-219,-218,-218,-224,-298,-308,
-308,-308,-281,-310,-321,-321,-299,-299,-305,-308,-260,-260,-261,-261,-264,
-355,-379,-386,-386,-400,-470,-470,-433,-433,-527,-527,-547,-735,-735,-755,
-745,-972,-679,-765,-982,-982,-982,-982,-1012,-1012,-1012]} 1. d4 d5 2. Nf3 Nf6
3. e3 Bf5 4. c4 c6 5. Qb3 Qc7 6. Nc3 e6 7. Be2 Bd6 8. O-O O-O 9. h3 b6 10. Bd2
Nbd7 11. Rac1 Qb7 12. Nh4 Ne4 13. Nxe4 Bxe4 14. f3 dxc4 15. Bxc4 Bd5 16. Bxd5
cxd5 17. f4 Nf6 18. Nf3 Ne4 19. Bb4 Bxb4 20. Qxb4 Qa6 21. Qb3 Ng3 22. Rfe1 Ne2+
23. Kf2 Nxc1 24. Rxc1 Rac8 25. Rc3 Rxc3 26. Qxc3 Qc4 27. Qa3 a5 28. Qe7 Qc2+
29. Kg3 Qg6+ 30. Kf2 Qf6 31. Qb7 Qd8 32. Ne5 Qd6 33. Nd7 Rd8 34. Ne5 Rf8 35.
Nd7 Qe7 36. Qc6 Rd8 37. Ne5 f6 38. Nd3 Rd6 39. Qb5 Qd7 40. Qxd7 Rxd7 41. Ke2
Rc7 42. Kd2 Kf7 43. g3 g5 44. fxg5 fxg5 45. Ne5+ Kf6 46. g4 b5 47. Nd3 b4 48.
Kd1 Ke7 49. Kd2 Kd6 50. Kd1 Kc6 51. Nc5 Kd6 52. Nd3 Rb7 53. Kc2 Rf7 54. Ne5
Rf2+ 55. Kb3 Kc7 56. Ka4 Kb6 57. Nd7+ Ka6 58. Nc5+ Kb6 59. Nd7+ Kc7 60. Ne5
Rxb2 61. Kxa5 b3 62. axb3 Rxb3 63. Nf7 h6 64. Nxh6 Rxe3 65. Nf7 Rxh3 66. Nxg5
Rh4 67. Nxe6+ Kd6 68. Nf4 Rxg4 69. Ne2 Re4 70. Nc1 Rxd4 71. Nb3 Rc4 72. Kb5 Ke5
73. Nd2 Rc2 74. Nf1 d4 75. Kb4 d3 76. Kb3 Rc8 77. Nd2 Kd4 78. Nf1 Ke4 79. Nd2+
Ke3 80. Nc4+ Rxc4 0-1